Ecological animal geography. (Record no. 17017)
[ view plain ]
| 000 -LEADER | |
|---|---|
| fixed length control field | 00499nam a22001691 4500 |
| 040 ## - CATALOGING SOURCE | |
| Transcribing agency | DLC |
| 082 ## - DEWEY DECIMAL CLASSIFICATION NUMBER | |
| Classification number | 591 WIL 1951 A106 Or. |
| 100 1# - MAIN ENTRY--AUTHOR NAME | |
| Personal name | Hesse, Richard, |
| 245 10 - TITLE STATEMENT | |
| Title | Ecological animal geography. |
| Remainder of title | An authorized ed., rewritten and rev.; based on Tiergeographie auf oekologischer Grundlage, |
| 250 ## - EDITION STATEMENT | |
| Edition statement | 2d ed. |
| 260 ## - PUBLICATION, DISTRIBUTION, ETC. (IMPRINT) | |
| Place of publication | New York, |
| Name of publisher | Wiley |
| Year of publication | [1951] |
| 300 ## - PHYSICAL DESCRIPTION | |
| Number of Pages | xiii, 715 p. |
| Other physical details | illus. |
| Dimensions | 24 cm |
| 650 #0 - SUBJECT ADDED ENTRY--TOPICAL TERM | |
| Topical Term | Zoogeography |
| 650 #0 - SUBJECT ADDED ENTRY--TOPICAL TERM | |
| Topical Term | Animal ecology |
| 700 1# - ADDED ENTRY--PERSONAL NAME | |
| Personal name | Allee, W. C. |
| 942 ## - ADDED ENTRY ELEMENTS (KOHA) | |
| Koha item type | សៀវភៅភាសាអង់គ្លេស |
| 952 ## - LOCATION AND ITEM INFORMATION (KOHA) | |
| Withdrawn status [LOCAL, KOHA] | 0 |
| Permanent Location | Date acquired | Koha item type | Lost status | Shelving location | Barcode | Current Location | Full call number |
|---|---|---|---|---|---|---|---|
| Library Block A | 2018-07-17 | សៀវភៅភាសាអង់គ្លេស | A106 | A14156 | Library Block A | 591 WIL 1951 A106 Or. |